[Event "Nuremberg-ch op 06th"]
[Site "Nuremberg"]
[Date "2006.06.04"]
[Round "5.56"]
[White "Kurzack, Andreas"]
[Black "Junk, Philipp"]
[Result "0-1"]
[WhiteElo "957"]
[BlackElo "1099"]
[PlyCount "78"]
[EventDate "2006.06.02"]
[EventType "swiss"]
[EventRounds "5"]
[EventCountry "GER"]
[SourceTitle "EXT 2007"]
[Source "ChessBase"]
[SourceDate "2006.11.23"]
[SourceVersion "1"]
[SourceVersionDate "2006.11.23"]
[SourceQuality "1"]

1. e4 c5 2. Bc4 e6 3. Nf3 a6 4. 0-0 Nc6 5. Re1 d6 6. d4 cxd4 7. Nxd4 Qc7 8. Nf3 Be7 9. Bd2 b5 10. Be2 Bb7 11. a3 Nf6 12. Nc3 0-0 13. Ng5 h6 14. Nf3 Rfd8 15. Qc1 Kh7 16. e5 Nxe5 17. Nxe5 dxe5 18. Bd3+ e4 19. Bxe4+ Nxe4 20. Nxe4 Qc4 21. b3 Qd4 22. c3 Qd7 23. Qc2 f5 24. Rad1 Bxe4 25. Rxe4 fxe4 26. Qxe4+ Kh8 27. Qe2 Qc7 28. Qxe6 Rd6 29. Qe4 Rad8 30. Qc2 Bg5 31. g3 Rxd2 32. Rxd2 Rxd2 33. Qf5 Qb7 34. Qf8+ Kh7 35. f3 Qd7 36. g4 Qc7 37. Qf5+ g6 38. Qxg6+ Kxg6 39. Kf1 Rxh2 0-1